[Event "Banska Stiavnica V4 op"]
[Site "Banska Stiavnica"]
[Date "2018.07.15"]
[Round "9"]
[White "Toma, Rudolf"]
[Black "Jencopala, Alexander"]
[Result "0-1"]
[WhiteElo "2018"]
[BlackElo "1943"]
[PlyCount "102"]
[EventDate "2018.07.07"]
[EventType "swiss"]
[EventRounds "9"]
[EventCountry "SVK"]
[SourceTitle "CBM 185 Extra"]
[Source "ChessBase"]
[SourceDate "2018.07.29"]
[SourceVersion "1"]
[SourceVersionDate "2018.07.29"]
[SourceQuality "1"]

1. d4 f5 2. c4 Nf6 3. Nc3 d6 4. g3 g6 5. Bg2 Bg7 6. Nf3 0-0 7. 0-0 c6 8. Qc2 Qc7 9. e4 e5 10. dxe5 dxe5 11. c5 Qe7 12. b4 fxe4 13. Ng5 Bf5 14. Ngxe4 Nxe4 15. Nxe4 a5 16. Be3 axb4 17. Qb3+ Be6 18. Qxb4 b5 19. a3 Ra4 20. Qb2 Bd5 21. Nc3 Bxg2 22. Nxa4 Bxf1 23. Rxf1 bxa4 24. Qb4 Qa7 25. Rd1 Qc7 26. Qxa4 Rd8 27. Rb1 Nd7 28. Rd1 Nf6 29. Rxd8+ Qxd8 30. Qxc6 Qd1+ 31. Kg2 Qd5+ 32. Qxd5+ Nxd5 33. c6 Bf8 34. Kf3 Kf7 35. Ke4 Ke6 36. Ba7 Bxa3 37. f4 exf4 38. gxf4 Bd6 39. Bd4 Nxf4 40. h4 Nh5 41. Bb6 Nf6+ 42. Kf3 Nd5 43. Ba5 Ne7 44. c7 Kd7 45. c8Q+ Nxc8 46. Kg4 Be7 47. Bc3 h5+ 48. Kg3 Nd6 49. Kh3 Nf5 50. Be1 Ke6 51. Bf2 Bxh4 0-1

[Event "Banska Stiavnica V4 op"]
[Site "Banska Stiavnica"]
[Date "2018.07.12"]
[Round "6"]
[White "Jencopala, Alexander"]
[Black "Bobro, Jan"]
[Result "1/2-1/2"]
[WhiteElo "1943"]
[BlackElo "1584"]
[PlyCount "34"]
[EventDate "2018.07.07"]
[EventType "swiss"]
[EventRounds "9"]
[EventCountry "SVK"]
[SourceTitle "CBM 185 Extra"]
[Source "ChessBase"]
[SourceDate "2018.07.29"]
[SourceVersion "1"]
[SourceVersionDate "2018.07.29"]
[SourceQuality "1"]

1. e4 c5 2. Nf3 e6 3. d4 cxd4 4. Nxd4 a6 5. Nc3 b5 6. Bd3 Bc5 7. Nb3 Bb6 8. 0-0 Qc7 9. Re1 d6 10. Be3 Bxe3 11. Rxe3 Nf6 12. Rg3 0-0 13. Qf3 Nbd7 14. e5 Bb7 15. exf6 Bxf3 16. Rxg7+ Kh8 17. Rxh7+ Kg8 1/2-1/2

[Event "SVK-chT2D 1718"]
[Site "Slovakia"]
[Date "2018.01.14"]
[Round "6.8"]
[White "Jencopala, Alexander"]
[Black "Zavadsky, Peter1111"]
[Result "1/2-1/2"]
[WhiteElo "1849"]
[BlackElo "1902"]
[PlyCount "40"]
[EventDate "2017.10.28"]
[EventType "team-tourn"]
[EventRounds "11"]
[EventCountry "SVK"]
[SourceTitle "EXT 2019"]
[Source "ChessBase"]
[SourceDate "2018.10.10"]
[SourceVersion "1"]
[SourceVersionDate "2018.10.10"]
[SourceQuality "1"]
[WhiteTeam "Bardejov II"]
[BlackTeam "Spisska Nova Ves"]
[WhiteTeamCountry "SVK"]
[BlackTeamCountry "SVK"]

1. e4 e6 2. d4 d5 3. Nc3 dxe4 4. Nxe4 Nd7 5. Nf3 Ngf6 6. Nxf6+ Nxf6 7. Be2 Be7 8. 0-0 0-0 9. Bg5 b6 10. Ne5 Bb7 11. Bf3 Bxf3 12. Nxf3 Nd5 13. Bxe7 Nxe7 14. c3 Qd6 15. Qb3 Ng6 16. Rfe1 c5 17. Rad1 Rfd8 18. Ne5 Rac8 19. dxc5 Qxc5 20. Nxg6 hxg6 1/2-1/2

[Event "SVK-chT1E 1718"]
[Site "Slovakia"]
[Date "2017.11.04"]
[Round "3.8"]
[White "Matejov, Jaroslav"]
[Black "Jencopala, Alexander"]
[Result "0-1"]
[WhiteElo "2091"]
[BlackElo "1782"]
[PlyCount "84"]
[EventDate "2017.10.21"]
[EventType "team-tourn"]
[EventRounds "11"]
[EventCountry "SVK"]
[SourceTitle "CBM 181 Extra"]
[Source "ChessBase"]
[SourceDate "2017.12.12"]
[SourceVersion "1"]
[SourceVersionDate "2017.12.12"]
[SourceQuality "1"]
[WhiteTeam "Zilina Mladost"]
[BlackTeam "Bardejov"]
[WhiteTeamCountry "SVK"]
[BlackTeamCountry "SVK"]

1. e4 c5 2. Nf3 d6 3. d4 cxd4 4. Nxd4 Nf6 5. Nc3 a6 6. Bg5 Nbd7 7. Qd2 Qc7 8. 0-0-0 h6 9. Bh4 g6 10. Kb1 Bg7 11. f3 b5 12. g4 Bb7 13. Rg1 h5 14. gxh5 Rxh5 15. Bg3 Rc8 16. Bd3 Nc5 17. Rge1 Nfd7 18. Nce2 Nxd3 19. cxd3 Qb6 20. Nb3 b4 21. Rc1 Rxc1+ 22. Rxc1 a5 23. Nf4 Rb5 24. Bf2 Qd8 25. Ne2 e5 26. d4 a4 27. Na1 Qa8 28. d5 Qa5 29. Be3 Nc5 30. Bxc5 Rxc5 31. Rxc5 Qxc5 32. Qc2 Qa5 33. Nc1 Bh6 34. b3 a3 35. Nd3 Qb6 36. Qf2 Qb5 37. Kc2 Ba6 38. Qe2 Qb6 39. f4 Bxf4 40. Nxf4 Bxe2 41. Nxe2 Qe3 42. Kd1 Qd3+ 0-1

[Event "SVK-chT1E 1718"]
[Site "Slovakia"]
[Date "2017.10.22"]
[Round "2.8"]
[White "Pasztor, Ladislav"]
[Black "Jencopala, Alexander"]
[Result "1-0"]
[WhiteElo "1936"]
[BlackElo "1782"]
[PlyCount "83"]
[EventDate "2017.10.21"]
[EventType "team-tourn"]
[EventRounds "11"]
[EventCountry "SVK"]
[SourceTitle "CBM 181 Extra"]
[Source "ChessBase"]
[SourceDate "2017.12.12"]
[SourceVersion "1"]
[SourceVersionDate "2017.12.12"]
[SourceQuality "1"]
[WhiteTeam "Cebovce"]
[BlackTeam "Bardejov"]
[WhiteTeamCountry "SVK"]
[BlackTeamCountry "SVK"]

1. c4 e5 2. Nc3 Nf6 3. Nf3 Nc6 4. g3 d5 5. cxd5 Nxd5 6. Bg2 Nb6 7. d3 Be7 8. a3 Be6 9. 0-0 0-0 10. b4 f6 11. Bb2 a6 12. Rc1 Qd7 13. Qc2 Rac8 14. e3 Rfd8 15. Rfd1 Qe8 16. d4 Qf7 17. dxe5 fxe5 18. Rxd8+ Rxd8 19. Nd1 Bb3 20. Qe2 Nc4 21. Nc3 h6 22. h3 Bxb4 23. axb4 Nxb4 24. Ba1 Nd3 25. Rb1 Na3 26. Rxb3 Qxb3 27. Qa2 Nc1 28. Qb2 b5 29. Qxc1 b4 30. Nd2 Qc2 31. Qxc2 Nxc2 32. Nb3 bxc3 33. Bxc3 Rd1+ 34. Kh2 Ne1 35. Bxe5 Nxg2 36. Kxg2 c6 37. Bd4 Rb1 38. Na5 c5 39. Be5 Rb5 40. Nc4 a5 41. Kf1 Rb4 42. Nxa5 1-0

[Event "Banska Stiavnica V4 op"]
[Site "Banska Stiavnica"]
[Date "2017.07.16"]
[Round "9"]
[White "Budinsky, Martin"]
[Black "Jencopala, Alexander"]
[Result "1/2-1/2"]
[WhiteElo "1963"]
[BlackElo "1700"]
[PlyCount "75"]
[EventDate "2017.07.08"]
[EventType "swiss"]
[EventRounds "9"]
[EventCountry "SVK"]
[SourceTitle "CBM 179 Extra"]
[Source "ChessBase"]
[SourceDate "2017.08.23"]
[SourceVersion "1"]
[SourceVersionDate "2017.08.23"]
[SourceQuality "1"]

1. e4 c5 2. Nf3 d6 3. Bc4 e6 4. c3 Nf6 5. d3 Be7 6. Bb3 Nbd7 7. Nbd2 Nb6 8. 0-0 0-0 9. Re1 d5 10. e5 Nfd7 11. d4 Qc7 12. Nf1 cxd4 13. cxd4 Nc4 14. a3 b5 15. Bc2 Bb7 16. Qd3 g6 17. h4 Rfc8 18. Bb1 Nf8 19. N1h2 b4 20. a4 a5 21. Ng5 Ba6 22. Qf3 Bd8 23. Ng4 Kg7 24. Nh6 Ra7 25. Nhxf7 Bxg5 26. Nxg5 Qe7 27. Qg4 Rac7 28. Qf4 Nd7 29. Nh3 Rf8 30. Qh6+ Kg8 31. h5 Qh4 32. Bg5 Qxh5 33. Qxh5 gxh5 34. Nf4 Rc6 35. b3 Na3 36. Nxh5 Rc3 37. Nf4 Re8 38. g3 1/2-1/2

[Event "Banska Stiavnica V4 op"]
[Site "Banska Stiavnica"]
[Date "2017.07.15"]
[Round "8"]
[White "Jencopala, Alexander"]
[Black "Redzisz, Michal"]
[Result "1/2-1/2"]
[WhiteElo "1700"]
[BlackElo "1954"]
[PlyCount "81"]
[EventDate "2017.07.08"]
[EventType "swiss"]
[EventRounds "9"]
[EventCountry "SVK"]
[SourceTitle "CBM 179 Extra"]
[Source "ChessBase"]
[SourceDate "2017.08.23"]
[SourceVersion "1"]
[SourceVersionDate "2017.08.23"]
[SourceQuality "1"]

1. e4 c5 2. Nf3 e6 3. d4 cxd4 4. Nxd4 Nf6 5. Nc3 Nc6 6. Ndb5 Bb4 7. a3 Bxc3+ 8. Nxc3 d5 9. exd5 exd5 10. Bd3 0-0 11. 0-0 d4 12. Ne4 Bf5 13. Bg5 Bxe4 14. Bxe4 h6 15. Bxf6 Qxf6 16. Bxc6 bxc6 17. Qd3 c5 18. Rad1 Rfe8 19. Rfe1 Rab8 20. b3 Re5 21. Re2 Rbe8 22. Rde1 Rxe2 23. Rxe2 Rxe2 24. Qxe2 Qf4 25. Qe1 g6 26. h3 Kg7 27. a4 Kf6 28. Qe2 Qd6 29. Qf3+ Kg7 30. Qe2 Qf4 31. Qe1 Qf5 32. Qe2 Qg5 33. Qe1 Qf4 34. Qe2 Qf5 35. Kf1 Qf4 36. Kg1 h5 37. Qe1 Qf5 38. Qe2 Qg5 39. Qe1 Qf5 40. Qe2 Qg5 41. Qe1 1/2-1/2

[Event "SVK-ch U14"]
[Site "Liptovsky Mikulas"]
[Date "2017.04.25"]
[Round "6"]
[White "Jencopala, Alexander"]
[Black "Cedzo, Adam"]
[Result "1/2-1/2"]
[WhiteElo "1617"]
[BlackElo "1619"]
[PlyCount "51"]
[EventDate "2017.04.22"]
[EventType "swiss"]
[EventRounds "9"]
[EventCountry "SVK"]
[SourceTitle "CBM 178 Extra"]
[Source "ChessBase"]
[SourceDate "2017.06.22"]
[SourceVersion "1"]
[SourceVersionDate "2017.06.22"]
[SourceQuality "1"]

1. e4 c5 2. Nf3 Nc6 3. d4 cxd4 4. Nxd4 e5 5. Nb5 a6 6. Nd6+ Bxd6 7. Qxd6 Qe7 8. Qxe7+ Ngxe7 9. Nc3 Nd4 10. Bd3 d6 11. Be3 Nec6 12. a3 0-0 13. 0-0 f5 14. f3 f4 15. Bf2 Be6 16. Ne2 Nxe2+ 17. Bxe2 Rf6 18. Rad1 Bd7 19. Bc5 dxc5 20. Rxd7 b5 21. b4 Rd8 22. Rfd1 Rxd7 23. Rxd7 Rf7 24. Rd6 Rf6 25. Rd7 Rf7 26. Rd6 1/2-1/2

[Event "SVK-ch U14"]
[Site "Liptovsky Mikulas"]
[Date "2017.04.23"]
[Round "3"]
[White "Minarik, Jozef"]
[Black "Jencopala, Alexander"]
[Result "1/2-1/2"]
[WhiteElo "1289"]
[BlackElo "1617"]
[PlyCount "45"]
[EventDate "2017.04.22"]
[EventType "swiss"]
[EventRounds "9"]
[EventCountry "SVK"]
[SourceTitle "CBM 178 Extra"]
[Source "ChessBase"]
[SourceDate "2017.06.22"]
[SourceVersion "1"]
[SourceVersionDate "2017.06.22"]
[SourceQuality "1"]

1. e4 c5 2. Nf3 d6 3. d4 cxd4 4. Nxd4 Nf6 5. Nc3 a6 6. a4 e6 7. Bc4 Qc7 8. Bb3 Be7 9. 0-0 0-0 10. Re1 Nc6 11. Be3 Bd7 12. h3 Rfd8 13. Qd2 Rac8 14. Rad1 Ne5 15. Qe2 Nc4 16. Bxc4 Qxc4 17. Qxc4 Rxc4 18. Rd3 Rdc8 19. f3 e5 20. Nde2 Be6 21. Red1 R4c6 22. g4 Bc4 23. R3d2 1/2-1/2

[Event "SVK-ch U12"]
[Site "Liptovsky Mikulas"]
[Date "2016.04.22"]
[Round "8"]
[White "Kuna, Patrik"]
[Black "Jencopala, Alexander"]
[Result "1/2-1/2"]
[WhiteElo "1088"]
[BlackElo "1559"]
[PlyCount "48"]
[EventDate "2016.04.16"]
[EventType "swiss"]
[EventRounds "9"]
[EventCountry "SVK"]
[SourceTitle "CBM 172 Extra"]
[Source "ChessBase"]
[SourceDate "2016.06.21"]
[SourceVersion "1"]
[SourceVersionDate "2016.06.21"]
[SourceQuality "1"]

1. e4 c5 2. Nf3 d6 3. d4 cxd4 4. Nxd4 Nf6 5. f3 e6 6. c4 a6 7. Nc3 Be7 8. Be2 Qc7 9. Be3 Bd7 10. 0-0 0-0 11. Rc1 Nc6 12. Nb3 Ne5 13. Qc2 Bc6 14. Rfd1 Rfd8 15. a4 b6 16. Nd4 Rab8 17. b4 Bb7 18. Ra1 Nc6 19. Nxc6 Bxc6 20. b5 Bb7 21. bxa6 Bxa6 22. Nb5 Bxb5 23. axb5 Ra8 24. Qd3 e5 1/2-1/2

[Event "SVK-ch U12"]
[Site "Tatralandia"]
[Date "2015.04.25"]
[Round "9"]
[White "Jencopala, Alexander"]
[Black "Gyuricsek, Szilard"]
[Result "1/2-1/2"]
[WhiteElo "1400"]
[BlackElo "1347"]
[PlyCount "111"]
[EventDate "2015.04.18"]
[EventType "swiss"]
[EventRounds "9"]
[EventCountry "SVK"]
[SourceTitle "CBM 166 Extra"]
[Source "ChessBase"]
[SourceDate "2015.06.18"]
[SourceVersion "1"]
[SourceVersionDate "2015.06.18"]
[SourceQuality "1"]

1. e4 e5 2. Nf3 Nc6 3. Bc4 Bc5 4. c3 Nf6 5. d3 Bb6 6. 0-0 d6 7. Nbd2 Bd7 8. Bb3 Qe7 9. Nc4 0-0 10. Nxb6 axb6 11. h3 Be6 12. Bg5 Bxb3 13. Qxb3 h6 14. Bh4 Qe6 15. Qxe6 fxe6 16. Bxf6 Rxf6 17. Rfe1 Raf8 18. Re2 Rg6 19. Kf1 Rgf6 20. Nd2 d5 21. exd5 exd5 22. Nb3 e4 23. dxe4 dxe4 24. Kg1 Na5 25. Nd2 e3 26. fxe3 Re8 27. Rae1 Rfe6 28. e4 Nc6 29. Nb3 Ne5 30. Nc1 Nf7 31. Nd3 c5 32. Nf4 Re5 33. Nd3 R5e6 34. Nf2 Ne5 35. Rd1 Rg6 36. Kh2 Rge6 37. b3 b5 38. Rd5 b6 39. b4 Rc6 40. bxc5 bxc5 41. Rb2 b4 42. cxb4 cxb4 43. Rb5 Rf6 44. R5xb4 Rxf2 45. Rxf2 Nd3 46. Rfb2 Nxb2 47. Rxb2 Rxe4 48. Kg3 Kf7 49. Rb7+ Kf6 50. Ra7 Re2 51. a4 Ra2 52. a5 g6 53. a6 Kg5 54. Ra8 Ra3+ 55. Kh2 Kh5 56. a7 1/2-1/2

[Event "SVK-ch U12"]
[Site "Tatralandia"]
[Date "2015.04.22"]
[Round "6"]
[White "Holly, Andrej"]
[Black "Jencopala, Alexander"]
[Result "1/2-1/2"]
[WhiteElo "1533"]
[BlackElo "1400"]
[PlyCount "67"]
[EventDate "2015.04.18"]
[EventType "swiss"]
[EventRounds "9"]
[EventCountry "SVK"]
[SourceTitle "CBM 166 Extra"]
[Source "ChessBase"]
[SourceDate "2015.06.18"]
[SourceVersion "1"]
[SourceVersionDate "2015.06.18"]
[SourceQuality "1"]

1. Nf3 d5 2. g3 c6 3. Bg2 Bg4 4. 0-0 Nf6 5. d3 e6 6. Nbd2 Be7 7. h3 Bxf3 8. Bxf3 0-0 9. Bg2 Nbd7 10. e4 dxe4 11. dxe4 Re8 12. f4 Qc7 13. g4 Nb6 14. f5 exf5 15. exf5 Bc5+ 16. Kh1 Nfd5 17. Ne4 Bf8 18. g5 Rad8 19. Qg4 Kh8 20. g6 fxg6 21. fxg6 h6 22. Rf7 Re7 23. Bg5 Rxf7 24. Bxd8 Qxd8 25. gxf7 Ne3 26. Qe2 Nxg2 27. Qxg2 Qe7 28. Qg6 Qd7 29. Nf2 Qd4 30. Qf5 Nd5 31. Rd1 Qxb2 32. Qc8 Qb4 33. Qd7 Ne3 34. Rc1 1/2-1/2

[Event "SVK-ch U12"]
[Site "Tatralandia"]
[Date "2015.04.18"]
[Round "1"]
[White "Schmidt, Peter"]
[Black "Jencopala, Alexander"]
[Result "0-1"]
[WhiteElo "1000"]
[BlackElo "1400"]
[PlyCount "52"]
[EventDate "2015.04.18"]
[EventType "swiss"]
[EventRounds "9"]
[EventCountry "SVK"]
[SourceTitle "CBM 166 Extra"]
[Source "ChessBase"]
[SourceDate "2015.06.18"]
[SourceVersion "1"]
[SourceVersionDate "2015.06.18"]
[SourceQuality "1"]

1. e4 c5 2. Nf3 Nc6 3. Nc3 g6 4. b3 Bg7 5. Bb2 d6 6. Bc4 Nf6 7. Nd5 0-0 8. 0-0 Nxe4 9. Bxg7 Kxg7 10. d3 Nf6 11. Ng5 Nxd5 12. Bxd5 e6 13. Bxc6 bxc6 14. d4 Qxg5 15. dxc5 Qxc5 16. Qc1 e5 17. h3 Bf5 18. c4 a5 19. Rd1 a4 20. bxa4 Rxa4 21. Qg5 f6 22. Qc1 Rxc4 23. Qb2 Rc2 24. Qb7+ Rf7 25. Qb3 Qxf2+ 26. Kh1 Qxg2# 0-1

[Event "SVK-ch U10"]
[Site "Stara Lubovna"]
[Date "2014.04.12"]
[Round "9"]
[White "Jadron, Marek"]
[Black "Jencopala, Alexander"]
[Result "0-1"]
[WhiteElo "1000"]
[BlackElo "1000"]
[PlyCount "44"]
[EventDate "2014.04.05"]
[EventType "swiss"]
[EventRounds "9"]
[EventCountry "SVK"]
[SourceTitle "EXT 2016"]
[Source "ChessBase"]
[SourceDate "2015.10.08"]
[SourceVersion "1"]
[SourceVersionDate "2015.10.08"]
[SourceQuality "1"]

1. e4 e6 2. Nc3 Bc5 3. Nf3 Nc6 4. Bc4 Nf6 5. 0-0 0-0 6. d3 h6 7. a3 Ng4 8. h3 Nxf2 9. Qd2 Nxe4+ 10. d4 Nxd2 11. Bxd2 Nxd4 12. Nxd4 Bxd4+ 13. Kh1 Qe7 14. Rae1 b6 15. Re4 Bc5 16. Nd5 Qd6 17. b4 exd5 18. Bxd5 Qxd5 19. Rff4 Qxd2 20. bxc5 Bb7 21. c6 Bxc6 22. Rd4 Qxg2# 0-1